Brooklyn Nine-Nine Quiz - Statistics

General Stats
  • This quiz has been taken 468 times
  • The average score is 10 of 15
Answer Stats
Question Answer % Correct
Who is Jake's favourite musical artist? Taylor Swift
91%
What is Gina daughter's name? Enigma
90%
What is the name of Hitchcock's van that he pays a monthly car parking spot for and sleeps in during divorces? The Beaver Trap
88%
How many people does Caleb admit to have eaten before his imprisonment? 9.5
83%
What does Terry call his right breast? Eugene
79%
Which Beauty and the Beast character did Boyle admit he had a crush on? Mrs.Potts
79%
What is Kevin's favourite thing to eat? Plain scone
79%
Scully names what 'oopsies'? Heartattacks
78%
When Amy has 4 drinks, what does she become? Perverted
73%
Captain Holt tripped Madeline Wuntch into who? Michelle Obama
72%
When Amy and Teddy were dating, what did she claim was his favourite app on his phone? Contacts
60%
What is The Vulture's favourite colour? Underboob
46%
What is Captain Holt's favourite colour Tan
37%
How did Adrian Pimento lose his sense of smell? Shipwreck
36%
Which of these cities has Rosa NOT lived in? Rio de Janeiro
33%
No matching quizzes found
Score Distribution
Percent of People with Each Score
Percentile by Number Answered
Your Score History
You have not taken this quiz